| 000 | 01118nam a22003377a 4500 | ||
|---|---|---|---|
| 001 | 009925 | ||
| 003 | DO-SdBPM | ||
| 005 | 20251114123640.0 | ||
| 007 | ta | ||
| 008 | 160727b2004 it 00| 0 spa d | ||
| 020 | _a9788888405186 | ||
| 040 |
_aDO-SdBPM _bspa _cBPMSU _erda |
||
| 082 | 4 |
_a853.1 _bC937b 2004 _222 |
|
| 100 | 1 |
_a Croce , Giulio Cesare _d1550-1620. |
|
| 245 | 1 | 0 |
_aBertoldo / _cGiulio Cesre Groce ; traducción Roberto Piumini Nieves Arribas ; ilustración Andrea Rivola ; edición Danilo Manera |
| 260 | _c | ||
| 264 |
_aItalia : _bAyuntamiento de San Giovanni, _c2004 |
||
| 300 |
_a63 páginas: : _bilustraciones ; _c17 cm. |
||
| 336 |
_atexto _btxt _2rdacontent |
||
| 337 |
_asin mediación _bn _2rdamedia |
||
| 338 |
_avolumen _bnc _2rdacarrier |
||
| 490 | 0 |
_aUn mar de sueños, _v15 |
|
| 590 | _aInventariado, 2025/VM | ||
| 650 | 7 | _a Novela italiana | |
| 650 | 7 |
_aReyes y soberanos _vNovela |
|
| 700 | 1 |
_aArribas, Nieves, _etraductor |
|
| 700 | 1 |
_aRivola, Andrea, _eilustración |
|
| 700 | 1 |
_aManera, Danilo, _eeditor |
|
| 910 | _aVMateo V. Control de calidad. BPMSU | ||
| 942 |
_2ddc _cBK |
||
| 999 |
_c11045 _d11045 |
||